LEADER 00923nam0-22002891i-450- 001 990000004160403321 035 $a000000416 035 $aFED01000000416 035 $a(Aleph)000000416FED01 035 $a000000416 100 $a20011111d--------km-y0itay50------ba 101 0 $aita 105 $ay-------001yy 200 1 $a<>grandi centrali termoelettriche$estudio completo e dettagliato di un progetto di centrale termoelettrica di30.000 KW$fCarlo Caminati$gprefazione di P. Janet. 210 $aTorino$cIstituto editoriale d'arte$d1923 215 $a114 p.$cill., 9 tav.$d28 cm 610 0 $aCentrali termoelettriche 676 $a621.402 700 1$aCaminati,$bCarlo$0366 801 0$aIT$bUNINA$gRICA$2UNIMARC 901 $aBK 912 $a990000004160403321 952 $a13 B 57 05$b4636$fFINBC 959 $aFINBC 996 $aGrandi centrali termoelettriche$9107501 997 $aUNINA DB $aING01